000 01175nam a2200301 a 4500
001 ebr10404824
003 CaPaEBR
006 m u
007 cr cn|||||||||
008 091209s2010 mdu s 000 0 eng d
010 _z 2009943095
020 _z9780761850564 (paperback : alk. paper)
020 _z9780761850571 (e-book)
040 _aCaPaEBR
_cCaPaEBR
035 _a(OCoLC)671956818
043 _an-us---
050 1 4 _aHM1271
_b.C37 2010eb
100 1 _aCaravantes, Ernesto.
245 1 0 _aFrom melting pot to witch's cauldron
_h[electronic resource] :
_bhow multiculturalism failed America /
_cErnesto Caravantes.
260 _aLanham, Md. :
_bHamilton Books,
_c2010.
300 _ax, 119 p.
533 _aElectronic reproduction.
_bPalo Alto, Calif. :
_cebrary,
_d2010.
_nAvailable via World Wide Web.
_nAccess may be limited to ebrary affiliated libraries.
650 0 _aMulticulturalism
_zUnited States.
651 0 _aUnited States
_xHistory.
655 7 _aElectronic books.
_2local
710 2 _aebrary, Inc.
856 4 0 _uhttp://site.ebrary.com/lib/rucke/Doc?id=10404824
_zAn electronic book accessible through the World Wide Web; click to view
999 _c81753
_d81753